1283 1748 1909 1704 1101 1905 1158 1465 1170 1829 1214 1296 1330 1820 1107 1570 1385 1569 1866 1897 1197 1826 1728 1775 1892 1304 1531 1745 1808 1183 1151 1306 1071 1831 1147 1904 1529 1700 1020 1153 1077 1017 1057 1469 1325 1781 1405 1012 1962 1413 1570 1453 1046 1355 1628 1980 1967 1314 1758 1890 1435 1559 1758 1317 1414 1829 1047 1083 1436 1161 1948 1770 1136 1938 1867 1978 1498 1142 1108 1976 1190 1508 1087 1332 1030 1587 1634 1892 1441 1665 1657 1610 1179 1411 1212 1811 1191 1640 1910 BCNSPRNW ULIB Ver.6.0+V

เปลี่ยนเป็นภาษาไทย

Change to English
 แสดงรายละเอียดบรรณานุกรม
  กลับหน้าหลัก

Brief Record : Get Marc (ISO 2709) : E-mail record : QR code < ปิดหน้าต่าง
LEADER : 00000nam 2200000uu 4500
001    13399120567
003     ULIB
008    120927s2547||||th 000 0 tha d
050  4 ^aLG395.T5^bพ361ผ 2547
110 1  ^aสถาบันพระบรมราชชนก
245 10 ^aแผนยุทธศาสตร์การพัฒนาสถาบันพระบรมราชชนก พ.ศ. 2549-2553 /^cสถาบันพระบรมราชชนก
250    ^aพิมพ์ครั้งที่ 2 ปรับปรุงใหม่
260    ^aนนทบุรี :^bสถาบันพระบรมราชชนก,^c2547
300    ^a122หน้า
650  7 ^aแผนยุทธศาสตร์การพัฒนาสถาบันพระบรมราชชนก
650  7 ^aสถาบันพระบรมราชชนก
945    ^p0^l0^i24330
945    ^p0^l0^i24331
995    ^aวิภา
999 ^a ทศพร
รายการนี้ยังไม่มีแท็ก
คุณยังไม่ได้ล็อกอิน คุณสามารถมีกิจกรรมร่วมกับเว็บไซต์ได้ แต่ต้องล็อกอินก่อน ::
  ล็อกอิน

รายการสื่อสารสนเทศ

ลำดับที่ ประเภท เลขเรียก/บาร์โค้ด สถานที่ สถานะ
1. วิทยาศาสตร์การแพทย์ และสุขภาพ
วิทยาศาสตร์การแพทย์ และสุขภาพ
LG395.T5 พ361ผ 2547  
  Barcode: 24330
ห้องสมุดวิทยาเขตสวรรค์ประชารักษ์
►หนังสือทั่วไป
บนชั้น
2. วิทยาศาสตร์การแพทย์ และสุขภาพ
วิทยาศาสตร์การแพทย์ และสุขภาพ
LG395.T5 พ361ผ 2547 ฉ.2 
  Barcode: 24331
ห้องสมุดวิทยาเขตสวรรค์ประชารักษ์
►หนังสือทั่วไป
บนชั้น

รายการใกล้เคียง
    หัวเรื่อง [แผนยุทธศาสตร์การพัฒนาสถาบันพระบรมราชชนก]
    หัวเรื่อง [สถาบันพระบรมราชชนก]

BibComment


ยังไม่เคยถูกคอมเมนท์

คอมเมนท์ทรัพยากรรายการนี้
  คอมเมนท์: แผนยุทธศาสตร์การ..


 Copyright 2026. Bcnsprnw @Library